| 000 | 00973nam a2200253Ia 4500 | ||
|---|---|---|---|
| 003 | OSt | ||
| 005 | 20221005112230.0 | ||
| 006 | a|||||r|||| 00| 0 | ||
| 007 | ta | ||
| 008 | 221004b |||||||| |||| 00| 0 pan d | ||
| 020 |
_a9788171435753 (hbk) _c225 |
||
| 024 | _a2753 | ||
| 037 |
_b696, 16/01/2013, Bright Book Service _cTextual |
||
| 040 |
_aCRL _cCRL _bpan |
||
| 041 |
_2pan _apan |
||
| 082 | _aY73(P153):351, 153Q2 | ||
| 100 | _aਗਿੱਲ, ਅਮਰਜੀਤ ਸਿੰਘ | ||
| 245 | 0 | _aਵਿਆਹ ਦੀਆਂ ਰਹੁਰੀਤਾਂ ਤੇ ਪੰਜਾਬੀ ਲੋਕ ਗੀਤ | |
| 260 |
_aਅੰਮ੍ਰਿਤਸਰ _bਰਵੀ ਸਾਹਿਤ ਪ੍ਰਕਾFਨ ਭਾਰਤ _c2012 |
||
| 300 |
_a184ਪੰ _ccm. |
||
| 650 |
_aਣOFਨ FਾਂਸਛO _9157433 |
||
| 942 |
_hY73(P153):351, 153Q2 _cTEXL _2cc |
||
| 999 |
_c1024265 _d1024265 |
||